Catalog

Record Details

Catalog Search



Available copies

  • 1 of 1 copy available at LARL/NWRL Consortium.

Current holds

0 current holds with 1 total copy.

Show All Copies
Location Call Number / Copy Notes Barcode Shelving Location Status Due Date
Godel Memorial-Warren Library Guided Reading G-9 (Text) 35500001933223 Main Available -

Record details

  • ISBN: 014050639X
  • Physical Description: [32] p. : col. ill. ; 20 x 25 cm.
  • Publisher: New York : Puffin Books, 1986, c1978.

Content descriptions

Summary, etc.:
Rhymed text and illustrations invite the reader to ... Read More
LDR 01032cam a2200253Ia 4500
0015003
003LARL_NWRL_CONSORTIUM
00519920415111250.0
008870225c19861978nyua 000 1 eng d
020 . ‡a014050639X
035 . ‡a(OCoLC)15239541
090 . ‡aPZ8.3 ‡b.A2689 Eac 1986
099 . ‡aA
1001 . ‡aAhlberg, Janet. ‡0(LARL_NWRL_CONSORTIUM)55795
24510. ‡aEach peach pear plum / ‡cJanet and Allan Ahlberg.
260 . ‡aNew York : ‡bPuffin Books, ‡c1986, c1978.
300 . ‡a[32] p. : ‡bcol. ill. ; ‡c20 x 25 cm.
4900 . ‡aPicture Puffins
520 . ‡aRhymed text and illustrations invite the reader to play "I Spy" with a variety of Mother Goose and other folklore characters.
7001 . ‡aAhlberg, Allan. ‡0(LARL_NWRL_CONSORTIUM)55796
901 . ‡a5003 ‡bOCLC ‡c5003 ‡tbiblio

Additional Resources